|
|
|
|
| LEADER |
00000nam a22000007a 4500 |
| 008 |
210806b ||||| |||| 00| 0 eng d |
| 020 |
|
|
|a ISBN: 978-1-84701-080-3
|
| 245 |
|
|
|a SHAKESPEARE in & out of Africa /
|e (African theatre
|f 12)
|g . xiv,194p.: ill.
|
| 250 |
|
|
|b volume editor, Jane Plastow: reviews editor, Martin Banham.- Woodridge, Suffolk: James Currey
|
| 260 |
|
|
|c 2013
|i 694237
|i , 694236-Arts
|l PR3109S .A35Sh53
|m 1. Shakespeare, William, 1564-1616- Dramatic production
|m 2. Shakespeare, William, 1564-1616 – Stage history – Africa.
|m 3. Shakespeare, William, 1564-1616 – Appreciation – Africa.
|m 4. Theatre – Production and direction – Africa.
|m I. Plastow, Jane
|m II. Banham, Martin
|m III. Title: Shakespeare in and out Africa
|m IV. Series.
|
| 942 |
|
|
|a lcc
|c BK
|e j. o.ifatola
|f 06/ 08/ 2021
|
| 952 |
|
|
|0 0
|1 0
|2 lcc
|4 0
|6 PR3109 S .A00035SH00053
|7 0
|9 2951
|a HOL
|b HOL
|c LP
|d 2021-08-06
|l 0
|o PR3109S .A35Sh53
|p 2021-66627
|r 2021-08-06 00:00:00
|w 2021-08-06
|y BK
|
| 952 |
|
|
|0 0
|1 0
|2 lcc
|4 0
|6 PR3109 S .A00035SH00053
|7 0
|9 2952
|a ART
|b HOL
|c LP
|d 2021-08-06
|l 0
|o PR3109S .A35Sh53
|p 2021-66628
|r 2021-08-06 00:00:00
|w 2021-08-06
|y BK
|
| 999 |
|
|
|c 1495
|d 1495
|